Adventures in God. (Record no. 2968)

000 -LEADER
fixed length control field 00533nam a2200193 a 4500
001 - CONTROL NUMBER
control field :::00000697$&:&@@
003 - CONTROL NUMBER IDENTIFIER
control field OkBaRHE
005 - DATE AND TIME OF LATEST TRANSACTION
control field 20120414113724.0
008 - FIXED-LENGTH DATA ELEMENTS--GENERAL INFORMATION
fixed length control field s1981 000 0 eng u
040 ## - CATALOGING SOURCE
Transcribing agency
050 ## - LIBRARY OF CONGRESS CALL NUMBER
Classification number BX 8762 .Z8
Item number L35
100 1# - MAIN ENTRY--PERSONAL NAME
Personal name Lake, John G.
9 (RLIN) 2081
Dates associated with a name 1870-1935
Fuller form of name John Graham.
245 10 - TITLE STATEMENT
Title Adventures in God.
260 ## - PUBLICATION, DISTRIBUTION, ETC. (IMPRINT)
Place of publication, distribution, etc Tulsa, OK., :
Name of publisher, distributor, etc Harrison House
Date of publication, distribution, etc 1981
300 ## - PHYSICAL DESCRIPTION
Extent 131 p. ;
Dimensions 21 cm.
600 ## - SUBJECT ADDED ENTRY--PERSONAL NAME
9 (RLIN) 2081
Personal name Lake, John G.
Dates associated with a name 1870-1935
Fuller form of name John Graham.
650 ## - SUBJECT ADDED ENTRY--TOPICAL TERM
Topical term or geographic name as entry element Healing.
9 (RLIN) 219
942 ## - ADDED ENTRY ELEMENTS (KOHA)
Source of classification or shelving scheme
Koha item type Books
Copies
Current Location Shelving location Source of classification or shelving scheme Date acquired Not for loan Koha item type Full call number Price effective from Total Renewals Total Checkouts Damaged status Barcode Date checked out Lost status Date last seen Copy number Permanent Location Withdrawn status
RHEMA Bible Training CollegeGeneral Stacks 2010-04-14 BooksBX 8762 .Z8 L352010-04-1421 6972011-01-15 2011-02-211RHEMA Bible Training College 
RHEMA Bible Training CollegeGeneral Stacks 2010-04-14 BooksBX 8762 .Z8 L352010-04-14 1 166782012-01-31 2012-02-142RHEMA Bible Training College 
RHEMA Bible Training CollegeGeneral Stacks 2010-04-14 BooksBX 8762 .Z8 L352010-04-14   16733  2010-04-143RHEMA Bible Training College 
RHEMA Bible Training CollegeGeneral Stacks 2010-04-14 BooksBX 8762 .Z8 L352010-04-14   16734  2010-04-144RHEMA Bible Training College 
RHEMA Bible Training CollegeGeneral Stacks 2010-04-14 BooksBX 8762 .Z8 L352010-04-14   20614  2010-04-145RHEMA Bible Training College